000 00530nam a2200193Ia 4500
005 20250508154809.0
008 008 250505s9999 xx 000 0 eng d
037 _aTextual
040 _aFEDL
_beng
_cFEDL
041 _aeng
_2eng
084 _a428, PLE
_qFEDL
100 _aByrne Donn
245 0 _aStories for everyone
260 _aLondon, UK
_bLongmans, Green and Co.
_c1964
300 _a74p
490 _aPleasant books in easy english; stage 1
942 _cTEXL
_h428, PLE
999 _c1352175
_d1352175